00446nam a2200097Ia 4500008004100000100002600041245018500067260006300252650001400315999001900329160725s9999 xx 000 0 und d aPaulo, Mark Edward S. aCorrelates of instructional leaders’ supervisory skills vis-à-vis perceptions of tertiary level faculty: base reference data for an improved supervisor-supervisee relationship. bKaizen Research Journal College of EducationcJanuary 2014 aEDUCATION c298002d298002